Регионална библиотека "Любен Каравелов" - Русе

Балканската война (Запис номер 114426)

MARC детайли
000 -Лидер
Контролно поле с фиксирана дължина 01488nam a2200361 a 4500
003 - Код на организацията, давaща контролен номер
Контролно поле BLK
005 - Дата и час на последна редакция
Контролно поле 20241219110734.0
008 - Елементи от данни с фиксирана дължина
fixed length control field 180409b bul|||||r ||||||| ||bul||
010 ## - Наследен системен номер
LC control number KNG00119857000
040 ## - Източник на каталожния запис
Идентификатор на билиотеката - собственик на записа BLK
041 ## - Код за език
Код за езика на текст/звукозапис или на отделно заглавие Български
Код за езика КДБФ Български
080 ## - УДК
Текстов определител УДК Военно изкуство. Общо върху военните операции. Тактика. Стратегия. Бойно поле
УДК код - определител по УДК 355.4
УДК - код + определител 355.4
100 1# - Редна дума - Автор
Автор Данаилов, Ламби
Авторска отговорност първи автор
R(LIN) 313485
139 ## - Редно поле
Редна дума Балканската война
Авторски знак Балк - Б 23
245 10 - Сведения за заглавието
Заглавие Балканската война
Подзаглавни данни 1912-1913
Редно поле (дума) Ламби Данаилов.
257 ## - Страна на издаване
Страна на създаване/издаване България
260 ## - Област на издателските данни
Име на издателя, разпространителя и проч. Държ. воен. изд.
Година на издаване 1961
Място на издаване, разпространение и проч. София
300 ## - Физическа характеристика
Страници 503 с.
Илюстрации и др. с ил., 10 л. сх.
Размери/Мащаб 24 см
380 ## - Жанр
Жанр Обществени науки
500 ## - Общи забележки
Забележка Изд. на М-вото на нар. отбрана. Генер. щаб. Военноист. отд. - Библиогр. с. 491-497.
650 #4 - Допълнително описание по предмет – тема
Основно описание – тема или топоним Балканска война, 1912 - 1913 г. - военни операции
9 (RLIN) 313486
653 ## - Ключова дума – ненормативна
Ключова дума Балканска война
653 ## - Ключова дума – ненормативна
Ключова дума военни действия
852 ## - Местоположение
Форматна сигнатура Цб 21302
856 4# - Електронен адрес и достъп
Електронен формат pdf - файл
856 4# - Електронен адрес и достъп
Електронен формат pdf - файл
999 ## - СИСТЕМНИ КОНТРОЛНИ НОМЕРА
Koha biblionumber 114426
Koha biblioitemnumber 114426
942 ## - АРТИКУЛИ
Вид на библиотечния материал Книги
Скрит в OPAC Не
Периодичен библиозапис Да
Koha issues (borrowed), all copies 3
944 ## - СЪЗДАВАНЕ И РЕДАКЦИЯ на ЗАПИСА
Създаване/Редакция Създаване
Дата на регистрацията/редакция 14.10.2010
Статус, дата на статуса Цветомила Тодорова
Служител, извършил регистрацията/редакцията 30576
944 ## - СЪЗДАВАНЕ И РЕДАКЦИЯ на ЗАПИСА
Създаване/Редакция Редакция
Дата на регистрацията/редакция 14.10.2010
Статус, дата на статуса добави в АБ / 13.10.2010
944 ## - СЪЗДАВАНЕ И РЕДАКЦИЯ на ЗАПИСА
Създаване/Редакция Редакция
Дата на регистрацията/редакция 2021-12-21
Статус, дата на статуса 2021-12-21
Служител, извършил регистрацията/редакцията ВК
999 ## - СИСТЕМНИ КОНТРОЛНИ НОМЕРА
Koha biblioitemnumber 114426
999 ## - СИСТЕМНИ КОНТРОЛНИ НОМЕРА
Koha biblioitemnumber 114426
Наличности
Код за отписване Код за изгубен артикул Код за повреда Коз за рестрикции Код за отдаване Артикулен № Име на библиотеката - собственик Име на библиотеката, в която се намира в момента Статус (Текущо местоположение) Дата на вписване в системата Местоположение - отдел Цена в лева Инвентарен номер Систематично азбучна сигнатура Баркод Номер на екземпляра Цена в евро Служебна бележка Служебен тип на артикула Източник на класификационната схема
  Не е изгубен Не е повреден без рестрикции заемане за дома 183089 Регионална библиотека "Любен Каравелов" Русе Регионална библиотека "Любен Каравелов" Русе Заемна - подръчен фонд 2010-10-06 Заемна - подръчен фонд 15.00 120000746301 П 355.48/Б 23 120000746301 1 7.67 Дост: DA Вид: А N: 21 Дата: 06.10.2010 Дата инв: 07.02.2018 Бележки инв: П2018 Книги  
Изтеглен Не е изгубен Не е повреден без рестрикции заемане за дома 183090 Регионална библиотека "Любен Каравелов" Русе Регионална библиотека "Любен Каравелов" Русе Заемна - подръчен фонд 1961-01-01 Заемна - подръчен фонд 0.00 1267/62 П 355.48/Б 23 1267/62 2 0.00 Дост: Pk Вид: Ф N: стар фонд Дата: 01.01.1961 Книги Universal Decimal Classification
Изтеглен Не е изгубен Не е повреден без рестрикции заемане за дома 183091 Регионална библиотека "Любен Каравелов" Русе Регионална библиотека "Любен Каравелов" Русе Заемна - подръчен фонд 1961-01-01 Заемна - подръчен фонд 0.00 1268/62 П 355.48/Б 23 1268/62 3 0.00 Дост: Pk Вид: Ф N: стар фонд Дата: 01.01.1961 Книги Universal Decimal Classification
  Не е изгубен Не е повреден без рестрикции ползва се в читалня 183092 Регионална библиотека "Любен Каравелов" Русе Регионална библиотека "Любен Каравелов" Русе Хранилище 1961-01-01 Хранилище 1.77 3532/62 Цб 21302 900000087868 4 0.90 Дост: Dp Вид: Д N: стар фонд Дата: 01.01.1961 Книги Universal Decimal Classification
Vip Innovations Ltd, Rousse, Bulgaria 2025